| 000 | 01391cab a2200409 4500 | ||
|---|---|---|---|
| 001 | ABS46544 | ||
| 008 | 090401t1992 xxu||||| |||| 00| 0 eng d | ||
| 035 | _a(Sirsi) u58723 | ||
| 041 | _aeng | ||
| 245 | _aGolden Triangle | ||
| 260 | _c1992 | ||
| 300 | _aLOAN | ||
| 350 | _a0 | ||
| 490 |
_aEstates Times _vSupplement 19 June 1992 (90) |
||
| 520 | _aSpecial report on property in the Golden Triangle, that area lying between west London, Reading and Basingstoke, including articles on how the area is loosing its appeal to investors, the problems created by the boom in B1 class buildings, marketing of property, landmark buildings in the area, the effects of air freight in the area, the need for improved infrastructure, retail property and on specific towns in the area. | ||
| 650 | _aBRACKNELL | ||
| 650 | _aCAMBERLEY | ||
| 650 | _aCRAWLEY | ||
| 650 | _aFARNBOROUGH | ||
| 650 | _aFARNHAM | ||
| 650 | _aHAMMERSMITH | ||
| 650 | _aHEATHROW | ||
| 650 | _aINDUSTRIAL | ||
| 650 | _aINVESTMENT | ||
| 650 | _aM25 | ||
| 650 | _aM3 | ||
| 650 | _aMAIDENHEAD | ||
| 650 | _aOFFICES | ||
| 650 | _aRENTS | ||
| 650 | _aPROPERTY-INFRASTRUCTURE-TRANSPORT INFRASTRUCTURE-ROAD INFRASTRUCTURE | ||
| 650 | _aSLOUGH | ||
| 650 | _aWINDSOR | ||
| 650 | _aWOKING | ||
| 690 | _aPROPERTY-COMMERCIAL PROPERTY-COMMERCIAL PROPERTY MARKET | ||
| 942 | _n0 | ||
| 948 | _c04/03/1997 | ||
| 999 |
_c35909 _d35909 |
||